|
|
|
|
| LEADER |
00838nab a2200193 i 4500 |
| 001 |
misc13425 |
| 005 |
20191106141417.0 |
| 008 |
170607s1986 hu o 0|| hun d |
| 022 |
|
|
|a 0025-0260
|
| 040 |
|
|
|a SZTE Miscellanea Repozitórium
|b hun
|
| 041 |
|
|
|a hun
|
| 100 |
1 |
|
|a Cziráky Istvánné
|
| 245 |
1 |
0 |
|a Louis Raillon
|h [elektronikus dokumentum] :
|b L'enseignement du contre-education : PUF, Paris, 1984. 205 p. : [könyvismertetés] /
|c Cziráky Istvánné
|
| 260 |
|
|
|c 1986
|
| 300 |
|
|
|a 466-467
|
| 490 |
0 |
|
|a Magyar pedagógia : a Magyar Tudományos Akadémia Pedagógiai Bizottságának folyóirata
|v 86 No. 3-4
|
| 695 |
|
|
|a Oktatási rendszer Franciaország nevelés, Nevelés és fejlesztés, Könyvismertetés
|
| 700 |
0 |
1 |
|a Raillon Louis
|
| 856 |
4 |
0 |
|u http://misc.bibl.u-szeged.hu/13425/1/mp_1986_003_004_5823_466-467.pdf
|z Dokumentum-elérés
|